000 01359cam a2200397 i 4500
001 bg
003 KOSZ 005
005 20201117113100.0
008 030703s2003 pl a f |001 0 pol
015 _aPB 2003/11267
020 _a8389120097
040 _aWA N
_cKOSZ 005/HR
_dKOSZ 005/HR
041 1 _apol
_heng
080 _a005
080 _a339.138
080 _a339.166.5
080 _a659.1
080 _a(07)
100 1 _aDe Chernatony, L.
245 1 0 _aMarka /
_cLeslie de Chernatony ; przekł. Aleksandra Kania.
246 1 _iTyt. oryg.:
_aFrom brand vision to brand evaluation,
_f2001.
260 _aGdańsk :
_bGdańskie Wydaw. Psychologiczne,
_c2003.
300 _a261 s. :
_bil. ;
_c25 cm.
490 1 _aEkonomia i Zarządzanie.
500 _aNa okł. podtyt.: wizja i tworzenie marki.
504 _aBibliogr. przy rozdz. Indeks.
650 4 _aFirma (nazwa)
_xreklama.
650 4 _aZarządzanie
655 4 _aPodręcznik
650 4 _aZnak towarowy
710 2 _aGdańskie Wydawnictwo Psychologiczne
_4pbl.
700 1 _aMisztal-Kania, Aleksandra
_eTłumaczenie
856 _uhttp://koha.tu.koszalin.pl/cgi-bin/koha/opac-detail.pl?biblionumber=43763
_yKatalog online BPK
830 0 _aEkonomia i Zarządzanie - Polskie Wydawnictwo Ekonomiczne
942 _2UKD
_cKS
999 _c43763
_d43763